[Event "Civil Service Ch 7th"]
[Site "Leeds"]
[Date "1997.??.??"]
[Round "3"]
[White "Brusey, Alan W"]
[Black "Ashby, Anthony C"]
[Result "1/2-1/2"]
[WhiteElo "1930"]
[BlackElo "2135"]
[PlyCount "82"]
[EventDate "1997.04.??"]
[EventType "swiss"]
[EventRounds "5"]
[EventCountry "ENG"]
[SourceTitle "BritBase"]
[Source "John Saunders"]
[SourceDate "2024.12.03"]
[SourceVersion "1"]
[SourceVersionDate "2024.12.03"]
[SourceQuality "1"]

1. e4 e6 2. d4 d5 3. e5 c5 4. c3 Bd7 5. Nf3 Nc6 6. Be2 Nge7 7. O-O Nf5 8. Be3 Be7 9. g4 Nxe3 10. fxe3 Qb6 11. b3 f6 12. exf6 gxf6 13. Kh1 O-O-O 14. c4 h5 15. gxh5 Be8 16. Nc3 Bxh5 17. cxd5 exd5 18. dxc5 Qc7 19. Rf2 Bxc5 20. Nd4 Bxe2 21. Qxe2 Qe5 22. Rd1 Bxd4 23. exd4 Qxe2 24. Nxe2 Rh6 25. Nf4 f5 26. Rdd2 Rh4 27. Ng6 Re4 28. Rxf5 Nxd4 29. Ne7+ Rxe7 30. Rxd4 Re1+ 31. Kg2 Re2+ 32. Rf2 Rxf2+ 33. Kxf2 Kc7 34. h4 Kc6 35. Kg3 Kc5 36. Rd2 Rg8+ 37. Kf4 d4 38. h5 Kd5 39. h6 Rf8+ 40. Kg5 Ke4 41. h7 Ke3 1/2-1/2

[Event "Civil Service Ch 7th"]
[Site "Leeds"]
[Date "1997.??.??"]
[Round "3"]
[White "Archer, Richard P"]
[Black "Maxwell, Alistair"]
[Result "1/2-1/2"]
[WhiteElo "1825"]
[BlackElo "2070"]
[PlyCount "23"]
[EventDate "1997.04.??"]
[EventType "swiss"]
[EventRounds "5"]
[EventCountry "ENG"]
[SourceTitle "BritBase"]
[Source "John Saunders"]
[SourceDate "2024.12.03"]
[SourceVersion "1"]
[SourceVersionDate "2024.12.03"]
[SourceQuality "1"]

1. e4 e5 2. Nf3 Nf6 3. Nc3 Nc6 4. Bb5 Nd4 5. O-O Nxf3+ 6. Qxf3 c6 7. Bc4 Bc5 8. d3 h6 9. Be3 d6 10. Bxc5 dxc5 11. Qg3 O-O 12. Rae1 1/2-1/2

[Event "Civil Service Ch 7th"]
[Site "Leeds"]
[Date "1997.??.??"]
[Round "3"]
[White "Wedlock, Stephen L"]
[Black "Pheby, Ian M"]
[Result "1-0"]
[WhiteElo "1790"]
[BlackElo "1950"]
[PlyCount "81"]
[EventDate "1997.04.??"]
[EventType "swiss"]
[EventRounds "5"]
[EventCountry "ENG"]
[SourceTitle "BritBase"]
[Source "John Saunders"]
[SourceDate "2024.12.03"]
[SourceVersion "1"]
[SourceVersionDate "2024.12.03"]
[SourceQuality "1"]

1. e4 c6 2. d4 d5 3. Nc3 dxe4 4. Nxe4 Bf5 5. Ng3 Bg6 6. Nf3 e6 7. Bd3 Bd6 8. O-O Nd7 9. c3 Ngf6 10. Re1 Bxd3 11. Qxd3 O-O 12. b3 Qc7 13. Bb2 Rad8 14. Rad1 c5 15. c4 Rfe8 16. Ne4 Bf8 17. Qc2 b6 18. Nxf6+ Nxf6 19. dxc5 Bxc5 20. Bxf6 Rxd1 21. Qxd1 gxf6 22. Re4 f5 23. Rh4 Rd8 24. Qc1 f6 25. g3 Qg7 26. Qc2 Qd7 27. Qb2 e5 28. Rh6 Kg7 29. Rh5 Qd1+ 30. Kg2 Kg6 31. Rh3 e4 32. Rh6+ Kg7 33. Qxf6+ Kg8 34. Qg5+ Kf7 35. Ne5+ Ke8 36. Re6+ Kf8 37. Qf6+ Kg8 38. Qf7+ Kh8 39. Qf6+ Kg8 40. Qf7+ Kh8 41. Rh6 1-0

[Event "Civil Service Ch 7th"]
[Site "Leeds"]
[Date "1997.??.??"]
[Round "3"]
[White "Wolstencroft, Darryl"]
[Black "Pendlebury, Ian G"]
[Result "1/2-1/2"]
[WhiteElo "2065"]
[BlackElo "1935"]
[PlyCount "52"]
[EventDate "1997.04.??"]
[EventType "swiss"]
[EventRounds "5"]
[EventCountry "ENG"]
[SourceTitle "BritBase"]
[Source "John Saunders"]
[SourceDate "2024.12.03"]
[SourceVersion "1"]
[SourceVersionDate "2024.12.03"]
[SourceQuality "1"]

1. e4 c6 2. d4 d5 3. e5 Bf5 4. Ne2 e6 5. Ng3 Bg6 6. h4 h6 7. h5 Bh7 8. Bd3 Bxd3 9. Qxd3 Nd7 10. f4 Ne7 11. Be3 Qb6 12. Nd2 Qxb2 13. Rb1 Qxa2 14. Rxb7 Rb8 15. Rxb8+ Nxb8 16. Rf1 Qa6 17. c4 dxc4 18. Nxc4 Nd5 19. Bd2 Nb6 20. Nb2 Qxd3 21. Nxd3 Be7 22. f5 Bh4 23. Bf4 Nd5 24. Kf2 Nd7 25. Kf3 Bxg3 26. Bxg3 O-O 1/2-1/2

[Event "Civil Service Ch 7th"]
[Site "Leeds"]
[Date "1997.??.??"]
[Round "3"]
[White "Keech, Paul"]
[Black "Howarth, Ian S"]
[Result "1-0"]
[WhiteElo "1790"]
[BlackElo "1850"]
[PlyCount "81"]
[EventDate "1997.04.??"]
[EventType "swiss"]
[EventRounds "5"]
[EventCountry "ENG"]
[SourceTitle "BritBase"]
[Source "John Saunders"]
[SourceDate "2024.12.03"]
[SourceVersion "1"]
[SourceVersionDate "2024.12.03"]
[SourceQuality "1"]

1. e4 c5 2. Nc3 d6 3. f4 Nc6 4. Bb5 Bd7 5. Bxc6 Bxc6 6. Nf3 g6 7. O-O Bg7 8. d3 Nf6 9. e5 Nd5 10. Ne4 O-O 11. Qe1 Nb4 12. Qf2 Bxe4 13. dxe4 Nc6 14. exd6 exd6 15. c3 f5 16. Ng5 Qf6 17. Qc2 h6 18. Qb3+ Kh8 19. Ne6 Rf7 20. exf5 Qxf5 21. Bd2 Bf6 22. Rae1 Re7 23. Re3 Rae8 24. h3 Na5 25. Qa4 Rxe6 26. Rxe6 Rxe6 27. Qxa5 Qd5 28. Be1 Re2 29. Bf2 Bh4 30. g3 Bxg3 31. Bd4+ Kg8 32. Qd8+ Kf7 33. Qf6+ Ke8 34. Qxg6+ Qf7 35. Qxg3 cxd4 36. cxd4 Rxb2 37. Re1+ Kf8 38. f5 Qg7 39. Re8+ Kxe8 40. Qxg7 Rb1+ 41. Kf2 1-0

[Event "Civil Service Ch 7th"]
[Site "Leeds"]
[Date "1997.??.??"]
[Round "4"]
[White "Thurlow, Kevin J"]
[Black "Ledger, Andrew J"]
[Result "1/2-1/2"]
[WhiteElo "2120"]
[BlackElo "2385"]
[PlyCount "102"]
[EventDate "1997.04.??"]
[EventType "swiss"]
[EventRounds "5"]
[EventCountry "ENG"]
[SourceTitle "BritBase"]
[Source "John Saunders"]
[SourceDate "2024.12.03"]
[SourceVersion "1"]
[SourceVersionDate "2024.12.03"]
[SourceQuality "1"]

1. e4 c6 2. d4 d5 3. e5 Bf5 4. Nc3 Qb6 5. g4 Bd7 6. Na4 Qc7 7. Nc5 e6 8. Nd3 Na6 9. Be3 c5 10. Ne2 h5 11. gxh5 Rxh5 12. c3 Be7 13. Ng3 Rh4 14. Be2 cxd4 15. cxd4 Qa5+ 16. Kf1 Nb4 17. a3 Nxd3 18. Qxd3 Bd8 19. Kg2 Qb6 20. b4 a6 21. Rhc1 g6 22. Qd2 Ba4 23. Rc3 Ne7 24. Bd1 Bxd1 25. Rxd1 Nc6 26. Ne2 a5 27. bxa5 Rxa5 28. Qc2 Rb5 29. h3 Be7 30. a4 Rb2 31. Qd3 Nb4 32. a5 Qxa5 33. Rc8+ Kd7 34. Qc3 Rc2 35. Qxc2 Nxc2 36. Rxc2 Rh8 37. Rb1 b5 38. Rcb2 Rb8 39. Nc1 Kc6 40. Nb3 Qa3 41. Rc2+ Kb6 42. Bd2 Bb4 43. Be3 Ra8 44. Nc5 Bxc5 45. Rxc5 Qd3 46. Rbc1 Ra2 47. Kg3 Ra4 48. Rc6+ Ka5 49. R1c3 Qd1 50. Rc1 Qd3 51. R1c3 Qd1 1/2-1/2

[Event "Civil Service Ch 7th"]
[Site "Leeds"]
[Date "1997.??.??"]
[Round "4"]
[White "Bowering, Charles"]
[Black "Robson, Paul E"]
[Result "1/2-1/2"]
[WhiteElo "1970"]
[BlackElo "1890"]
[PlyCount "22"]
[EventDate "1997.04.??"]
[EventType "swiss"]
[EventRounds "5"]
[EventCountry "ENG"]
[SourceTitle "BritBase"]
[Source "John Saunders"]
[SourceDate "2024.12.03"]
[SourceVersion "1"]
[SourceVersionDate "2024.12.03"]
[SourceQuality "1"]

1. d4 c5 2. d5 Nf6 3. Nc3 d6 4. e4 g6 5. Nf3 Bg7 6. Be2 O-O 7. O-O a6 8. a4 e5 9. Re1 Nbd7 10. Bf1 Rb8 11. a5 h6 1/2-1/2

[Event "Civil Service Ch 7th"]
[Site "Leeds"]
[Date "1997.??.??"]
[Round "4"]
[White "Pendlebury, Ian G"]
[Black "Wedlock, Stephen L"]
[Result "1-0"]
[WhiteElo "1935"]
[BlackElo "1790"]
[PlyCount "47"]
[EventDate "1997.04.??"]
[EventType "swiss"]
[EventRounds "5"]
[EventCountry "ENG"]
[SourceTitle "BritBase"]
[Source "John Saunders"]
[SourceDate "2024.12.03"]
[SourceVersion "1"]
[SourceVersionDate "2024.12.03"]
[SourceQuality "1"]

1. Nf3 f5 2. b3 Nf6 3. Bb2 g6 4. e3 Bg7 5. c4 O-O 6. Nc3 d6 7. d4 Nc6 8. d5 Ne5 9. Nxe5 dxe5 10. Ne2 Ne4 11. f3 Nd6 12. Qc2 e6 13. O-O-O exd5 14. Rxd5 Be6 15. Rd1 c5 16. f4 exf4 17. Bxg7 Kxg7 18. Qc3+ Kf7 19. Qe5 Nxc4 20. bxc4 Qa5 21. Nxf4 Qa3+ 22. Kb1 Qb4+ 23. Ka1 Qb6 24. Rd6 1-0

[Event "Civil Service Ch 7th"]
[Site "Leeds"]
[Date "1997.??.??"]
[Round "4"]
[White "Ashby, Anthony C"]
[Black "Archer, Richard P"]
[Result "1/2-1/2"]
[WhiteElo "2135"]
[BlackElo "1825"]
[PlyCount "62"]
[EventDate "1997.04.??"]
[EventType "swiss"]
[EventRounds "5"]
[EventCountry "ENG"]
[SourceTitle "BritBase"]
[Source "John Saunders"]
[SourceDate "2024.12.03"]
[SourceVersion "1"]
[SourceVersionDate "2024.12.03"]
[SourceQuality "1"]

1. e4 c5 2. Nf3 d6 3. d4 cxd4 4. Nxd4 Nf6 5. Nc3 Nc6 6. Be2 e6 7. O-O Be7 8. Kh1 O-O 9. f4 Nxd4 10. Qxd4 Bd7 11. e5 dxe5 12. fxe5 Ne8 13. Bd3 Bc6 14. Qg4 g6 15. Bh6 Ng7 16. Rae1 Qb6 17. Ne4 Bxe4 18. Qxe4 Rad8 19. b3 Qb4 20. Qf3 Rd7 21. Re4 Qa5 22. a4 Qc7 23. Bb5 Rd5 24. Rf4 Bd8 25. Be8 Nf5 26. Rxf5 exf5 27. Bb5 Qxe5 28. Bxf8 Kxf8 29. g3 Qe4 30. Bd3 Qxf3+ 31. Rxf3 Re5 1/2-1/2

[Event "Civil Service Ch 7th"]
[Site "Leeds"]
[Date "1997.??.??"]
[Round "4"]
[White "Maxwell, Alistair"]
[Black "Brusey, Alan W"]
[Result "1/2-1/2"]
[WhiteElo "2070"]
[BlackElo "1930"]
[PlyCount "87"]
[EventDate "1997.04.??"]
[EventType "swiss"]
[EventRounds "5"]
[EventCountry "ENG"]
[SourceTitle "BritBase"]
[Source "John Saunders"]
[SourceDate "2024.12.03"]
[SourceVersion "1"]
[SourceVersionDate "2024.12.03"]
[SourceQuality "1"]

1. d4 d5 2. Nf3 Nc6 3. c4 Bg4 4. Nc3 Nf6 5. cxd5 Nxd5 6. e4 Nxc3 7. bxc3 e5 8. d5 Nb8 9. Qb3 Nd7 10. Be3 b6 11. Bb5 Bd6 12. Nd2 O-O 13. f3 Bh5 14. g4 Bg6 15. Bxd7 Qxd7 16. h4 h5 17. O-O-O Qe7 18. Rdg1 Kh8 19. gxh5 Bxh5 20. Rg5 g6 21. Rhg1 Bc5 22. c4 Rac8 23. Bxc5 Qxc5 24. Qc3 f6 25. R5g3 c6 26. Nb3 Qa3+ 27. Kb1 a5 28. Qc1 Qxc1+ 29. Rxc1 Kg7 30. Kb2 Kf7 31. Nd2 Rfd8 32. a4 cxd5 33. exd5 f5 34. Re1 Kf6 35. Kb3 Rg8 36. Rg2 g5 37. hxg5+ Rxg5 38. Rxg5 Kxg5 39. Rxe5 Kf4 40. Re6 Rb8 41. Rf6 Be8 42. Re6 Bh5 43. Rf6 Be8 44. Re6 1/2-1/2

[Event "Civil Service Ch 7th"]
[Site "Leeds"]
[Date "1997.??.??"]
[Round "4"]
[White "Charter, Mark R"]
[Black "Parkes, Jack C"]
[Result "1/2-1/2"]
[WhiteElo "2040"]
[BlackElo "1720"]
[PlyCount "75"]
[EventDate "1997.04.??"]
[EventType "swiss"]
[EventRounds "5"]
[EventCountry "ENG"]
[SourceTitle "BritBase"]
[Source "John Saunders"]
[SourceDate "2024.12.03"]
[SourceVersion "1"]
[SourceVersionDate "2024.12.03"]
[SourceQuality "1"]

1. d4 Nf6 2. c4 g6 3. Nc3 Bg7 4. e4 d6 5. Nf3 O-O 6. Be2 e5 7. d5 Na6 8. Bg5 h6 9. Bh4 c6 10. O-O Qd7 11. Bxf6 Bxf6 12. Qd2 Bg7 13. dxc6 bxc6 14. Rfd1 Rd8 15. Rab1 Nc7 16. b4 Ne6 17. Bf1 Qc7 18. b5 Bb7 19. Qb2 Nd4 20. bxc6 Bxc6 21. Nxd4 exd4 22. Nd5 Bxd5 23. exd5 Rab8 24. Qc2 Rxb1 25. Rxb1 Rb8 26. g3 Rxb1 27. Qxb1 a5 28. Qb5 Bf6 29. Kg2 Kg7 30. Qc6 Bd8 31. Qe8 Qe7 32. Qxe7 Bxe7 33. Kf3 Bd8 34. Ke4 Bb6 35. g4 Kf6 36. f4 g5 37. Bd3 Bc5 38. Bc2 1/2-1/2

[Event "Civil Service Ch 7th"]
[Site "Leeds"]
[Date "1997.??.??"]
[Round "4"]
[White "Lewyk, Ihor"]
[Black "Carr, J"]
[Result "1-0"]
[WhiteElo "1945"]
[BlackElo "1730"]
[PlyCount "87"]
[EventDate "1997.04.??"]
[EventType "swiss"]
[EventRounds "5"]
[EventCountry "ENG"]
[SourceTitle "BritBase"]
[Source "John Saunders"]
[SourceDate "2024.12.03"]
[SourceVersion "1"]
[SourceVersionDate "2024.12.03"]
[SourceQuality "1"]

1. e4 e5 2. Nf3 Nf6 3. d4 Nxe4 4. Bd3 d5 5. Nxe5 Bd6 6. Qf3 Nf6 7. Bg5 Be7 8. Nc3 c6 9. O-O O-O 10. Rfe1 Be6 11. Ne2 Nfd7 12. Bxe7 Qxe7 13. Nf4 Nxe5 14. Rxe5 Nd7 15. Re3 Qf6 16. Nxe6 Qxf3 17. Bxh7+ Kh8 18. Rxf3 fxe6 19. Rh3 Rf6 20. Bf5+ Kg8 21. Bg4 c5 22. Re1 Kf7 23. Rhe3 Re8 24. c3 c4 25. Bh5+ g6 26. Bg4 Nb6 27. b3 Re7 28. h4 a5 29. h5 gxh5 30. Bxh5+ Kf8 31. Bg4 Kf7 32. Rh3 Ke8 33. Re5 a4 34. Rh8+ Kf7 35. Rg5 axb3 36. axb3 cxb3 37. Bh5+ Rg6 38. Rxg6 b2 39. Rgg8+ Kf6 40. Rh6+ Kf5 41. Bg6+ Kg5 42. Rh5+ Kg4 43. f3+ Kf4 44. Kf2 1-0

[Event "Civil Service Ch 7th"]
[Site "Leeds"]
[Date "1997.??.??"]
[Round "4"]
[White "Keech, Paul"]
[Black "Wolstencroft, Darryl"]
[Result "1/2-1/2"]
[WhiteElo "1790"]
[BlackElo "2065"]
[PlyCount "54"]
[EventDate "1997.04.??"]
[EventType "swiss"]
[EventRounds "5"]
[EventCountry "ENG"]
[SourceTitle "BritBase"]
[Source "John Saunders"]
[SourceDate "2024.12.03"]
[SourceVersion "1"]
[SourceVersionDate "2024.12.03"]
[SourceQuality "1"]

1. e4 e6 2. d4 d5 3. e5 c5 4. c3 Nc6 5. Nf3 Qb6 6. Bd3 Bd7 7. dxc5 Bxc5 8. O-O f6 9. b4 Be7 10. b5 Nd8 11. Be3 Bc5 12. Bxc5 Qxc5 13. Qe2 Nf7 14. exf6 Nxf6 15. Rc1 O-O 16. Nbd2 e5 17. Nxe5 Nxe5 18. Qxe5 Qxf2+ 19. Kxf2 Ng4+ 20. Kg1 Nxe5 21. Be2 Rac8 22. a4 Rc7 23. Nf3 Nc4 24. Nd4 Nd2 25. Rc2 Ne4 26. Rac1 Rfc8 27. c4 dxc4 1/2-1/2

[Event "Civil Service Ch 7th"]
[Site "Leeds"]
[Date "1997.??.??"]
[Round "4"]
[White "Lyne, Colin J"]
[Black "Pheby, Ian M"]
[Result "1/2-1/2"]
[WhiteElo "1870"]
[BlackElo "1950"]
[PlyCount "45"]
[EventDate "1997.04.??"]
[EventType "swiss"]
[EventRounds "5"]
[EventCountry "ENG"]
[SourceTitle "BritBase"]
[Source "John Saunders"]
[SourceDate "2024.12.03"]
[SourceVersion "1"]
[SourceVersionDate "2024.12.03"]
[SourceQuality "1"]

1. e4 c6 2. d4 d5 3. Nc3 dxe4 4. Nxe4 Bf5 5. Ng3 Bg6 6. h4 h6 7. Nf3 Nd7 8. h5 Bh7 9. Bd3 Bxd3 10. Qxd3 Ngf6 11. Bd2 e6 12. O-O-O Be7 13. c4 O-O 14. Bc3 Qc7 15. Ne5 Rad8 16. Qe2 c5 17. Kb1 cxd4 18. Bxd4 Nxe5 19. Bxe5 Qb6 20. f4 Rxd1+ 21. Rxd1 Rd8 22. Rxd8+ Qxd8 23. b3 1/2-1/2

[Event "Civil Service Ch 7th"]
[Site "Leeds"]
[Date "1997.??.??"]
[Round "5"]
[White "Ledger, Andrew J"]
[Black "Bowering, Charles"]
[Result "1-0"]
[WhiteElo "2385"]
[BlackElo "1970"]
[PlyCount "72"]
[EventDate "1997.04.??"]
[EventType "swiss"]
[EventRounds "5"]
[EventCountry "ENG"]
[SourceTitle "BritBase"]
[Source "John Saunders"]
[SourceDate "2024.12.03"]
[SourceVersion "1"]
[SourceVersionDate "2024.12.03"]
[SourceQuality "1"]

1. e4 e5 2. Bc4 Nf6 3. d3 Bc5 4. Nc3 Nc6 5. f4 d6 6. Nf3 Bg4 7. Na4 Bb6 8. Nxb6 axb6 9. Bb5 Qe7 10. O-O h6 11. h3 Bd7 12. Qe1 Na5 13. Bxd7+ Nxd7 14. Qg3 O-O-O 15. b4 Nc6 16. b5 exf4 17. Qxf4 Nce5 18. Bb2 Nxf3+ 19. Qxf3 f6 20. a4 Qe6 21. a5 bxa5 22. Rxa5 Nb8 23. c4 d5 24. c5 Rhe8 25. Ra4 Qd7 26. Rb4 Re6 27. Bd4 c6 28. b6 Na6 29. Ra4 Qe7 30. Qf5 Rd7 31. Bf2 Kb8 32. Bg3+ Kc8 33. Bd6 Rdxd6 34. cxd6 Qxd6 35. exd5 cxd5 36. d4 Qxb6 {time} 1-0

[Event "Civil Service Ch 7th"]
[Site "Leeds"]
[Date "1997.??.??"]
[Round "5"]
[White "Lewyk, Ihor"]
[Black "Thurlow, Kevin J"]
[Result "1/2-1/2"]
[WhiteElo "1945"]
[BlackElo "2120"]
[PlyCount "134"]
[EventDate "1997.04.??"]
[EventType "swiss"]
[EventRounds "5"]
[EventCountry "ENG"]
[SourceTitle "BritBase"]
[Source "John Saunders"]
[SourceDate "2024.12.03"]
[SourceVersion "1"]
[SourceVersionDate "2024.12.03"]
[SourceQuality "1"]

1. e4 c5 2. Nf3 e6 3. d4 cxd4 4. Nxd4 Nc6 5. Be3 Nf6 6. Nc3 a6 7. a3 Qc7 8. Bd3 Be7 9. O-O O-O 10. f4 d6 11. Qf3 Nxd4 12. Bxd4 e5 13. Be3 Be6 14. Nd5 Bxd5 15. exd5 Rfe8 16. c4 e4 17. Bxe4 Qxc4 18. Bf5 Qxd5 19. Qh3 g6 20. Bc2 Rac8 21. Rad1 Qe6 22. f5 Qc4 23. Bd3 Qg4 24. fxg6 hxg6 25. Qh6 Bf8 26. Qf4 Qxf4 27. Bxf4 Nd5 28. g3 Bg7 29. b3 b5 30. Bxb5 axb5 31. Rxd5 Ra8 32. Bxd6 Bb2 33. Rxb5 Bxa3 34. Bxa3 Rxa3 35. Rb7 Re3 36. b4 Rab3 37. Rfxf7 Rxb4 38. Rg7+ Kh8 39. Rh7+ Kg8 40. Rbg7+ Kf8 41. Rxg6 Re2 42. Rf6+ Kg8 43. Rhf7 Rb1+ 44. Rf1 Rb4 45. R1f2 Re1+ 46. Kg2 Re3 47. h4 Rg4 48. R7f3 Re1 49. Kh3 Rg7 50. h5 Rh1+ 51. Rh2 Rg1 52. Kh4 Kh7 53. Rh3 Ra1 54. Rf4 Ra5 55. g4 Rag5 56. Rg3 Ra5 57. g5 Rb5 58. h6 Rg6 59. Rf7+ Kg8 60. Rc7 Rbb6 61. Rd3 Kh8 62. Kh5 Rbd6 63. Rf3 Ra6 64. Rf8+ Rg8 65. Rff7 Rgg6 66. h7 Rxg5+ 67. Kxg5 Rg6+ 1/2-1/2

[Event "Civil Service Ch 7th"]
[Site "Leeds"]
[Date "1997.??.??"]
[Round "5"]
[White "Robson, Paul E"]
[Black "Pendlebury, Ian G"]
[Result "1-0"]
[WhiteElo "1890"]
[BlackElo "1935"]
[PlyCount "83"]
[EventDate "1997.04.??"]
[EventType "swiss"]
[EventRounds "5"]
[EventCountry "ENG"]
[SourceTitle "BritBase"]
[Source "John Saunders"]
[SourceDate "2024.12.03"]
[SourceVersion "1"]
[SourceVersionDate "2024.12.03"]
[SourceQuality "1"]

1. c4 c6 2. g3 d5 3. cxd5 cxd5 4. Bg2 Nf6 5. Nf3 e6 6. O-O Bd6 7. Nc3 O-O 8. d4 a6 9. Bg5 Nbd7 10. Rc1 h6 11. Bf4 Bxf4 12. gxf4 b5 13. e3 Bb7 14. Ne5 Rc8 15. Qd3 Qe7 16. Ne2 Nxe5 17. fxe5 Nh7 18. Nf4 Rc7 19. Qb1 Rfc8 20. Nd3 Rxc1 21. Rxc1 Rc4 22. b3 Rxc1+ 23. Qxc1 Kf8 24. Nc5 f6 25. exf6 Nxf6 26. Qa3 Kf7 27. Qa5 Ne4 28. Nxa6 Bxa6 29. Bxe4 dxe4 30. Qxa6 Qg5+ 31. Kf1 Qg4 32. Ke1 Qg1+ 33. Ke2 Qb1 34. Qxb5 Qxa2+ 35. Kf1 Qb1+ 36. Kg2 Qd1 37. Qb7+ Kf6 38. Qxe4 Qxb3 39. Qf4+ Ke7 40. Qe5 Kf8 41. Kg3 Qc4 42. Qc5+ 1-0

[Event "Civil Service Ch 7th"]
[Site "Leeds"]
[Date "1997.??.??"]
[Round "5"]
[White "Wedlock, Stephen L"]
[Black "Ashby, Anthony C"]
[Result "1-0"]
[WhiteElo "1790"]
[BlackElo "2135"]
[PlyCount "111"]
[EventDate "1997.04.??"]
[EventType "swiss"]
[EventRounds "5"]
[EventCountry "ENG"]
[SourceTitle "BritBase"]
[Source "John Saunders"]
[SourceDate "2024.12.03"]
[SourceVersion "1"]
[SourceVersionDate "2024.12.03"]
[SourceQuality "1"]

1. e4 e5 2. Nf3 Nc6 3. Bc4 Nf6 4. Ng5 d5 5. exd5 b5 6. Be2 Nd4 7. c3 Nxd5 8. Nf3 Nxf3+ 9. Bxf3 c6 10. O-O Bd6 11. d4 O-O 12. Re1 Qc7 13. g3 Bb7 14. Bg2 Rae8 15. Nd2 exd4 16. cxd4 f5 17. Nf3 f4 18. g4 Nf6 19. h3 c5 20. Bd2 Ne4 21. Qb3+ c4 22. Qxb5 Nxd2 23. Nxd2 Rxe1+ 24. Rxe1 f3 25. Bf1 Bh2+ 26. Kh1 Bg3 27. Bxc4+ Kh8 28. Re8 Bd6 29. Rxf8+ Bxf8 30. Qe8 Qe7 31. Qxe7 Bxe7 32. d5 g6 33. Nxf3 Kg7 34. Kg1 Bf6 35. b3 Kf8 36. Kf1 Ke7 37. Ke2 Kd6 38. Kd3 Bxd5 39. Bxd5 Kxd5 40. Nd2 Bd8 41. Nc4 Be7 42. f4 Bd8 43. Ne3+ Ke6 44. Ke4 Bb6 45. f5+ gxf5+ 46. gxf5+ Kf7 47. Nd5 Bf2 48. b4 Bg1 49. a4 Bf2 50. b5 Be1 51. b6 axb6 52. Nxb6 Kf6 53. Nc4 Bf2 54. a5 Ba7 55. a6 h6 56. Na5 1-0

[Event "Civil Service Ch 7th"]
[Site "Leeds"]
[Date "1997.??.??"]
[Round "5"]
[White "Parkes, Jack C"]
[Black "Maxwell, Alistair"]
[Result "1/2-1/2"]
[WhiteElo "1720"]
[BlackElo "2070"]
[PlyCount "42"]
[EventDate "1997.04.??"]
[EventType "swiss"]
[EventRounds "5"]
[EventCountry "ENG"]
[SourceTitle "BritBase"]
[Source "John Saunders"]
[SourceDate "2024.12.03"]
[SourceVersion "1"]
[SourceVersionDate "2024.12.03"]
[SourceQuality "1"]

1. e4 e5 2. Nf3 Nc6 3. Bb5 a6 4. Bxc6 dxc6 5. d4 exd4 6. Qxd4 Qxd4 7. Nxd4 Bd7 8. O-O O-O-O 9. Be3 Bd6 10. Nd2 Re8 11. Rfe1 Nf6 12. f3 Rhg8 13. Nc4 g5 14. Nf5 Bxf5 15. exf5 Nd5 16. Nxd6+ cxd6 17. Bd2 h6 18. c4 Nb6 19. b3 Nd7 20. Rad1 Ne5 21. Bc3 Kc7 1/2-1/2

[Event "Civil Service Ch 7th"]
[Site "Leeds"]
[Date "1997.??.??"]
[Round "5"]
[White "Archer, Richard P"]
[Black "Charter, Mark R"]
[Result "0-1"]
[WhiteElo "1825"]
[BlackElo "2040"]
[PlyCount "44"]
[EventDate "1997.04.??"]
[EventType "swiss"]
[EventRounds "5"]
[EventCountry "ENG"]
[SourceTitle "BritBase"]
[Source "John Saunders"]
[SourceDate "2024.12.03"]
[SourceVersion "1"]
[SourceVersionDate "2024.12.03"]
[SourceQuality "1"]

1. e4 e6 2. d4 d5 3. exd5 exd5 4. Bd3 Nc6 5. c3 Bd6 6. Ne2 Nge7 7. O-O Bf5 8. Bf4 f6 9. Bxd6 Qxd6 10. Ng3 Bg6 11. Na3 O-O-O 12. Bxg6 hxg6 13. Qa4 Kb8 14. b4 Nf5 15. b5 Nce7 16. Rab1 Nc8 17. Qb4 Qf4 18. Rbe1 Qh4 19. h3 Nxg3 20. fxg3 Qxg3 21. c4 Rxh3 22. c5 Rdh8 0-1

[Event "Civil Service Ch 7th"]
[Site "Leeds"]
[Date "1997.??.??"]
[Round "5"]
[White "Brusey, Alan W"]
[Black "Lyne, Colin J"]
[Result "1/2-1/2"]
[WhiteElo "1930"]
[BlackElo "1870"]
[PlyCount "62"]
[EventDate "1997.04.??"]
[EventType "swiss"]
[EventRounds "5"]
[EventCountry "ENG"]
[SourceTitle "BritBase"]
[Source "John Saunders"]
[SourceDate "2024.12.03"]
[SourceVersion "1"]
[SourceVersionDate "2024.12.03"]
[SourceQuality "1"]

1. e4 e5 2. Bc4 Nc6 3. Nf3 Bc5 4. d3 Nf6 5. c3 a6 6. O-O d6 7. Bb3 O-O 8. Nbd2 Ba7 9. Re1 Ng4 10. Re2 Kh8 11. h3 Nh6 12. Nf1 f5 13. Bxh6 gxh6 14. N1h2 Qf6 15. Qd2 Ne7 16. d4 exd4 17. cxd4 fxe4 18. Rxe4 d5 19. Rh4 Nf5 20. Rf4 Be6 21. Re1 c6 22. g4 Bb8 23. Ne5 Qg7 24. Kh1 Nh4 25. Bc2 Bd6 26. Rxf8+ Qxf8 27. f4 Qf6 28. f5 Bg8 29. Qf2 Rd8 30. Re2 c5 31. Nhf3 Nxf3 1/2-1/2

[Event "Civil Service Ch 7th"]
[Site "Leeds"]
[Date "1997.??.??"]
[Round "5"]
[White "Pheby, Ian M"]
[Black "Wolstencroft, Darryl"]
[Result "1-0"]
[WhiteElo "1950"]
[BlackElo "2065"]
[PlyCount "51"]
[EventDate "1997.04.??"]
[EventType "swiss"]
[EventRounds "5"]
[EventCountry "ENG"]
[SourceTitle "BritBase"]
[Source "John Saunders"]
[SourceDate "2024.12.03"]
[SourceVersion "1"]
[SourceVersionDate "2024.12.03"]
[SourceQuality "1"]

1. d4 e6 2. c4 f5 3. Nc3 Nf6 4. g3 Be7 5. Bg2 O-O 6. Nf3 d5 7. O-O c6 8. b3 Ne4 {(=)} 9. Bb2 Nd7 10. Qc2 Bf6 11. Rad1 Nxc3 12. Bxc3 b6 13. Ne5 Bxe5 14. dxe5 Qe7 15. cxd5 exd5 16. Rxd5 $1 Bb7 17. Rd6 Nxe5 18. Bxe5 Qxe5 19. Qc4+ Kh8 20. Rfd1 Rae8 {(=)} 21. e3 Ba8 22. Bxc6 Bxc6 23. Qxc6 Qb2 24. R1d2 Qb1+ 25. Kg2 b5 26. Rd7 1-0

[Event "Civil Service Ch 7th"]
[Site "Leeds"]
[Date "1997.??.??"]
[Round "5"]
[White "Carr, J"]
[Black "Howarth, Ian S"]
[Result "1/2-1/2"]
[WhiteElo "1730"]
[BlackElo "1850"]
[PlyCount "30"]
[EventDate "1997.04.??"]
[EventType "swiss"]
[EventRounds "5"]
[EventCountry "ENG"]
[SourceTitle "BritBase"]
[Source "John Saunders"]
[SourceDate "2024.12.03"]
[SourceVersion "1"]
[SourceVersionDate "2024.12.03"]
[SourceQuality "1"]

1. b3 d5 2. Nf3 Nf6 3. Bb2 Bg4 4. e3 e6 5. Be2 Nbd7 6. O-O Bd6 7. d4 c6 8. Nbd2 Qe7 9. c4 Rc8 10. c5 Bb8 11. b4 O-O 12. a4 Ne4 13. Nxe4 dxe4 14. Nd2 Bxe2 15. Qxe2 f5 1/2-1/2